[Event "SR 3. liga A2 2018/2019"]
[Site "?"]
[Date "2019.02.24"]
[Round "9.2"]
[White "Slezak, Vladimir"]
[Black "Danihel, Jozef"]
[Result "0-1"]
[WhiteElo "1541"]
[BlackElo "1531"]
[PlyCount "58"]
[EventDate "2018.??.??"]

1. d4 e6 2. Nc3 d5 3. Bf4 Bd6 4. Qd2 a6 5. Nf3 Nf6 6. e3 O-O 7. Bxd6 Qxd6 8.
Bd3 Nbd7 9. e4 dxe4 10. Nxe4 Nxe4 11. Bxe4 Nf6 12. Qd3 c6 13. c3 b5 14. h4 Bb7
15. Ne5 Rab8 16. g4 Nxe4 17. Qxe4 c5 18. Qe3 cxd4 19. O-O-O dxe3 20. Rxd6 Bxh1
21. fxe3 Rbd8 22. Rxa6 Rd5 23. Nc6 Kh8 24. Kc2 Be4+ 25. Kb3 Rd6 26. Nb4 Rxa6
27. Nxa6 Bd5+ 28. Kb4 Bc6 29. Nc7 Rc8 0-1

[Event "SR 3. liga A2 2018/2019"]
[Site "?"]
[Date "2019.02.24"]
[Round "9.3"]
[White "Kalmar, Tamas"]
[Black "Nemeckay, Rastislav"]
[Result "1-0"]
[WhiteElo "2090"]
[BlackElo "1949"]
[PlyCount "59"]
[EventDate "2018.??.??"]

1. d4 d5 2. c4 c6 3. Nf3 Nf6 4. cxd5 cxd5 5. Nc3 Nc6 6. Bf4 e6 7. e3 Bd6 8.
Bxd6 Qxd6 9. Bd3 O-O 10. O-O b6 11. Rc1 Nb4 12. Bb1 Ba6 13. Re1 Rfc8 14. a3 Nc6
15. Qa4 Bb7 16. b4 a5 17. b5 Ne7 18. Bd3 Rc7 19. Qb3 Rac8 20. Qb2 Ne4 21. Ne2
h6 22. Rxc7 Rxc7 23. Rc1 Ng6 24. h3 Nf8 25. Kf1 Nd7 26. Kg1 Nef6 27. Nc3 Kf8
28. Na4 Rxc1+ 29. Qxc1 Qb8 30. Nxb6 1-0

[Event "SR 3. liga A2 2018/2019"]
[Site "?"]
[Date "2019.02.24"]
[Round "9.3"]
[White "Pericka, Tomas"]
[Black "Fekete, Robert"]
[Result "1/2-1/2"]
[WhiteElo "1968"]
[BlackElo "1880"]
[PlyCount "50"]
[EventDate "2018.??.??"]

1. e4 e6 2. Qe2 b6 3. g3 Bb7 4. Bg2 d5 5. d3 dxe4 6. dxe4 Nf6 7. Nc3 Bc5 8. Bg5
h6 9. Rd1 Qe7 10. Bxf6 gxf6 11. Qb5+ c6 12. Qd3 Ba6 13. Qd2 Nd7 14. e5 O-O-O
15. exf6 Nxf6 16. Qf4 Rxd1+ 17. Kxd1 Rd8+ 18. Kc1 Qd6 19. Qxd6 Rxd6 20. Nf3 Ng4
21. Ne4 Rd5 22. Bf1 Bxf1 23. Rxf1 Rf5 24. Nh4 Re5 25. Nxc5 Rxc5 1/2-1/2

[Event "SR 3. liga A2 2018/2019"]
[Site "?"]
[Date "2019.02.24"]
[Round "9.3"]
[White "Csefalvay, Stefan"]
[Black "Sadlon, Juraj"]
[Result "1-0"]
[WhiteElo "1747"]
[BlackElo "1900"]
[PlyCount "77"]
[EventDate "2018.??.??"]

1. Nf3 Nf6 2. g3 c6 3. Bg2 g6 4. d4 Bg7 5. c4 d6 6. Nc3 Bg4 7. Qd3 Nbd7 8. h3
Bxf3 9. Bxf3 O-O 10. O-O e5 11. d5 c5 12. e4 a6 13. Be3 Qc7 14. Bg2 Rfb8 15. a4
Qa5 16. Bd2 Qd8 17. Bg5 h6 18. Be3 Kh7 19. Kh2 Nh5 20. Bf3 Nhf6 21. Bg2 Qb6 22.
Rfb1 Qc7 23. Rd1 g5 24. Bf3 Kg6 25. g4 Rh8 26. Kg2 h5 27. Rh1 Rh7 28. Qd2 hxg4
29. Bxg4 Nxg4 30. hxg4 Rxh1 31. Rxh1 Bh6 32. Ne2 b5 33. axb5 axb5 34. Ng3 f6
35. Nf5 Bf8 36. cxb5 Qa5 37. Qd3 Rb8 38. Bd2 Qa4 39. b3 1-0

[Event "SR 3. liga A2 2018/2019"]
[Site "?"]
[Date "2019.02.24"]
[Round "9.3"]
[White "Hanzluvka, Peter"]
[Black "Both, Lajos"]
[Result "1-0"]
[WhiteElo "1915"]
[BlackElo "1810"]
[PlyCount "145"]
[EventDate "2018.??.??"]

1. e4 c5 2. Nf3 Nc6 3. d4 cxd4 4. Nxd4 Nf6 5. Nc3 e5 6. Ndb5 d6 7. Bg5 a6 8.
Bxf6 gxf6 9. Na3 b5 10. Nd5 Bg7 11. c3 Ne7 12. Nxe7 Qxe7 13. Bd3 f5 14. Qf3 d5
15. Qg3 O-O 16. f3 dxe4 17. fxe4 f4 18. Qf2 f5 19. Nc2 Be6 20. O-O Rad8 21.
Rfd1 fxe4 22. Bxe4 Bg4 23. Rxd8 Rxd8 24. Nb4 Rd6 25. Qc2 Bh6 26. h3 Bh5 27. Rf1
Bg6 28. Bxg6 hxg6 29. Qe4 Qe6 30. Re1 Bg7 31. a3 Kf7 32. Nd3 Qd5 33. Nxe5+ Bxe5
34. Qxe5 Qxe5 35. Rxe5 Kf6 36. Re2 Kf5 37. Kf2 Rd3 38. Ke1 g5 39. Rd2 Re3+ 40.
Kf2 Re6 41. Rd5+ Kf6 42. Rd4 Kf5 43. a4 bxa4 44. Rxa4 Rb6 45. b4 Rc6 46. Ra5+
Kf6 47. Ra3 Kf5 48. Kf3 Re6 49. c4 Rb6 50. Ra5+ Kf6 51. b5 axb5 52. Rxb5 Rd6
53. Kg4 Rd2 54. Rf5+ Ke6 55. Rxg5 Rxg2+ 56. Kxf4 Rc2 57. Re5+ Kd6 58. Re4 Rf2+
59. Kg5 Rg2+ 60. Kh6 Rh2 61. h4 Rg2 62. h5 Kc5 63. Kh7 Rg3 64. h6 Rg2 65. Kh8
Rg6 66. h7 Rg3 67. Re7 Kd6 68. Rg7 Re3 69. Rg4 Re7 70. Kg8 Re8+ 71. Kg7 Re7+
72. Kh6 Re6+ 73. Rg6 1-0

[Event "SR 3. liga A2 2018/2019"]
[Site "?"]
[Date "2019.02.24"]
[Round "9.3"]
[White "Pericka, Pavol"]
[Black "Rozsas, Daniel"]
[Result "1-0"]
[WhiteElo "1788"]
[BlackElo "1776"]
[PlyCount "97"]
[EventDate "2018.??.??"]

1. e4 c5 2. Bc4 Nc6 3. Nf3 d6 4. h3 Nf6 5. d3 g6 6. c3 Bg7 7. Bg5 O-O 8. Qc1
Bh8 9. Bh6 Re8 10. Ng5 e6 11. O-O Na5 12. Bb5 Bd7 13. Na3 a6 14. Bxd7 Nxd7 15.
f4 b5 16. f5 exf5 17. exf5 Re7 18. fxg6 hxg6 19. Qf4 Nf6 20. Qh4 Nc6 21. Rf2
Qe8 22. Raf1 Re6 23. Nxe6 Qxe6 24. Rxf6 Bxf6 25. Qxf6 Qxf6 26. Rxf6 Rd8 27. Bf4
Ne5 28. Bxe5 dxe5 29. Rf3 Kg7 30. Kf2 f5 31. Ke2 Kf6 32. Nc2 a5 33. Na3 b4 34.
Nc4 a4 35. Re3 Re8 36. d4 cxd4 37. cxd4 e4 38. Ne5 Rc8 39. Kd2 Rc7 40. Re1 g5
41. Rc1 Rb7 42. Rc6+ Ke7 43. Rg6 b3 44. a3 Rc7 45. Rg7+ Kd6 46. Rxc7 Kxc7 47.
Nf7 f4 48. Nxg5 e3+ 49. Kd3 1-0

[Event "SR 3. liga A2 2018/2019"]
[Site "?"]
[Date "2019.02.24"]
[Round "9.3"]
[White "Szabo, Viktor"]
[Black "Skapik, Branislav"]
[Result "0-1"]
[WhiteElo "1499"]
[BlackElo "1770"]
[PlyCount "60"]
[EventDate "2018.??.??"]

1. e4 e5 2. Nf3 Nc6 3. Bb5 a6 4. Ba4 Nf6 5. O-O b5 6. Bb3 Be7 7. Re1 O-O 8. c3
d5 9. exd5 Nxd5 10. Nxe5 Nxe5 11. Rxe5 c6 12. Bxd5 cxd5 13. d4 Bd6 14. Re1 Qh4
15. g3 Qh3 16. Bf4 Bxf4 17. Qf3 Bc7 18. Qxd5 Rb8 19. Qc5 Bg4 20. Re3 Bb6 21.
Qc6 Bd7 22. Qd5 Be6 23. Rxe6 Qxe6 24. Qxe6 fxe6 25. Na3 b4 26. Nc4 bxc3 27.
bxc3 Rfc8 28. Nxb6 Rxb6 29. Rc1 Rbc6 30. Re1 Kf7 0-1

[Event "SR 3. liga A2 2018/2019"]
[Site "?"]
[Date "2019.02.24"]
[Round "9.3"]
[White "Hrdlicka, Martin"]
[Black "Lelkes, Gejza"]
[Result "1-0"]
[WhiteElo "1461"]
[BlackElo "1502"]
[PlyCount "65"]
[EventDate "2018.??.??"]

1. e4 e5 2. Nf3 Nc6 3. Bb5 Nge7 4. c3 a6 5. Ba4 h6 6. O-O b5 7. Bb3 Bb7 8. Re1
d6 9. d4 Ng6 10. Nbd2 Be7 11. Nf1 O-O 12. Ng3 Na5 13. Bc2 Bc8 14. Nf5 Bxf5 15.
exf5 Nh8 16. dxe5 dxe5 17. Nxe5 Qxd1 18. Rxd1 Bf6 19. Ng4 Be7 20. f6 Bxf6 21.
Nxf6+ gxf6 22. Bxh6 Rfd8 23. Rxd8+ Rxd8 24. Rd1 Rxd1+ 25. Bxd1 Ng6 26. Kf1 Nc4
27. b3 Nd2+ 28. Bxd2 Kg7 29. Be2 Ne7 30. c4 c6 31. cxb5 axb5 32. a4 bxa4 33.
bxa4 1-0

[Event "SR 3. liga A2 2018/2019"]
[Site "?"]
[Date "2019.02.24"]
[Round "9.4"]
[White "Sefcik, Marek"]
[Black "Lanc, Alois"]
[Result "1/2-1/2"]
[WhiteElo "2010"]
[BlackElo "2286"]
[PlyCount "71"]
[EventDate "2018.??.??"]

1. e4 c5 2. Nf3 d6 3. d4 cxd4 4. Qxd4 Nc6 5. Bb5 Bd7 6. Bxc6 bxc6 7. Nc3 e5 8.
Qd3 Be7 9. O-O Qc7 10. b3 Nf6 11. Ba3 Rd8 12. Rad1 Bg4 13. h3 Bxf3 14. Qxf3 O-O
15. Rfe1 Ne8 16. Na4 g6 17. Qg3 Ng7 18. c4 Ne6 19. Rd2 Bg5 20. Rdd1 Bf4 21. Qd3
Nd4 22. Bc1 Bxc1 23. Rxc1 f5 24. Rcd1 fxe4 25. Rxe4 Rf5 26. Rd2 Rdf8 27. Nc3
Qf7 28. f3 Qf6 29. Rf2 Qg5 30. Re3 Rf4 31. Ne2 Rh4 32. Kf1 Nxe2 33. Rfxe2 Rd4
34. Qc2 Qf5 35. Qxf5 gxf5 36. c5 1/2-1/2

[Event "SR 3. liga A2 2018/2019"]
[Site "?"]
[Date "2019.02.24"]
[Round "9.4"]
[White "Kozinka, Roman"]
[Black "Jakubec, Milan"]
[Result "1/2-1/2"]
[WhiteElo "1981"]
[BlackElo "1996"]
[PlyCount "54"]
[EventDate "2018.??.??"]

1. e4 e5 2. Nf3 Nc6 3. Bb5 a6 4. Ba4 d6 5. O-O b5 6. Bb3 Na5 7. d4 Nxb3 8. axb3
exd4 9. Nxd4 Bd7 10. Re1 Nf6 11. e5 dxe5 12. Rxe5+ Be7 13. Qe1 Ng4 14. Re2 c5
15. Nf3 Be6 16. h3 Nh6 17. Bxh6 gxh6 18. Nc3 Qc8 19. Nd5 Ra7 20. Nf4 Bf5 21.
Qc3 Rg8 22. Rae1 Kf8 23. Rxe7 Rxe7 24. Rxe7 Kxe7 25. Qe5+ Be6 26. Nd5+ Kf8 27.
Qd6+ Kg7 1/2-1/2

[Event "SR 3. liga A2 2018/2019"]
[Site "?"]
[Date "2019.02.24"]
[Round "9.4"]
[White "Zarecky, Eduard"]
[Black "Hirmajer, Jan"]
[Result "0-1"]
[WhiteElo "1817"]
[BlackElo "1895"]
[PlyCount "63"]
[EventDate "2018.??.??"]

1. d4 Nf6 2. c4 g6 3. Nc3 Bg7 4. Nf3 d5 5. cxd5 Nxd5 6. Nxd5 Qxd5 7. Bf4 Qa5+
8. Qd2 Qxd2+ 9. Kxd2 c6 10. e4 O-O 11. Bc4 Nd7 12. Rad1 Nb6 13. b3 Bg4 14. Ke3
Rad8 15. Rd2 Bxf3 16. gxf3 e6 17. Be2 Rd7 18. a4 a6 19. Rhd1 Rfd8 20. Bg5 f6
21. Bh4 g5 22. Bg3 f5 23. f4 h6 24. a5 Nc8 25. Bc4 Re7 26. exf5 Kh8 27. Bxe6
Nd6 28. Kf3 Rf8 29. fxg5 Rxe6 30. Bxd6 Rxd6 31. Kg4 hxg5 32. Kxg5 0-1

[Event "SR 3. liga A2 2018/2019"]
[Site "?"]
[Date "2019.02.24"]
[Round "9.4"]
[White "Chabada, Tomas"]
[Black "Gajarsky, Julius"]
[Result "1-0"]
[WhiteElo "1994"]
[BlackElo "1693"]
[PlyCount "53"]
[EventDate "2018.??.??"]

1. e4 c5 2. Nf3 Nc6 3. d3 e5 4. g3 d6 5. Bg2 Be7 6. O-O Nf6 7. c3 O-O 8. Nbd2
Bg4 9. h3 Be6 10. Re1 b5 11. a3 a5 12. d4 cxd4 13. cxd4 exd4 14. Nb3 Bxb3 15.
Qxb3 Qb6 16. e5 Nd7 17. e6 Nc5 18. exf7+ Rxf7 19. Qd5 Rc8 20. Bg5 Kf8 21. Bxe7+
Nxe7 22. Rxe7 Rxe7 23. Qf5+ Ke8 24. Qxc8+ Kf7 25. Qf5+ Kg8 26. Ng5 g6 27. Qf6
1-0

[Event "SR 3. liga A2 2018/2019"]
[Site "?"]
[Date "2019.02.24"]
[Round "9.4"]
[White "Skreko, Igor"]
[Black "Zlamal, Marek"]
[Result "0-1"]
[WhiteElo "1520"]
[BlackElo "1855"]
[PlyCount "62"]
[EventDate "2018.??.??"]

1. c4 e5 2. Nc3 Nf6 3. g3 c6 4. Bg2 Be7 5. e3 O-O 6. Nge2 d5 7. cxd5 cxd5 8. d4
e4 9. O-O Bg4 10. Qb3 Qd7 11. Nf4 Rd8 12. h3 Bf3 13. Bd2 Nc6 14. a3 g5 15. Nfe2
h5 16. Rac1 Na5 17. Qc2 Rac8 18. Rfe1 Nc4 19. a4 Bd6 20. b3 Na5 21. Qb1 Nc6 22.
Na2 h4 23. gxh4 g4 24. Ng3 Bxg2 25. Kxg2 gxh3+ 26. Kh1 Qg4 27. Rg1 Kh8 28. Rcf1
Qf3+ 29. Kh2 Rg8 30. Kxh3 Qg4+ 31. Kh2 Qxh4+ 0-1

[Event "SR 3. liga A2 2018/2019"]
[Site "?"]
[Date "2019.02.24"]
[Round "9.4"]
[White "Husek, Lubomir"]
[Black "Skreko, Igor"]
[Result "1-0"]
[WhiteElo "1886"]
[BlackElo "1525"]
[PlyCount "73"]
[EventDate "2018.??.??"]

1. e4 e5 2. Nf3 Nf6 3. d3 Nc6 4. Bg5 d6 5. h3 Be7 6. Be2 h6 7. Bh4 b6 8. Nc3 g5
9. Bg3 Nh5 10. Bh2 Nf4 11. Bxf4 gxf4 12. Qd2 Nd4 13. Nxd4 exd4 14. Nd5 Bg5 15.
Bf3 Be6 16. Nxf4 Qd7 17. a3 O-O-O 18. O-O-O Kb8 19. Kb1 Rhg8 20. g3 f5 21. h4
Bxf4 22. Qxf4 Rdf8 23. Qd2 Rf6 24. Rde1 Qf7 25. e5 dxe5 26. Rxe5 Bd7 27. Rhe1
Re8 28. Qf4 Rxe5 29. Rxe5 Be6 30. Qxd4 Ba2+ 31. Ka1 Rd6 32. Qe3 Re6 33. d4 Rxe5
34. Qxe5 Be6 35. d5 Bc8 36. d6 Qe6 37. dxc7# 1-0

[Event "SR 3. liga A2 2018/2019"]
[Site "?"]
[Date "2019.02.24"]
[Round "9.5"]
[White "Liptak, Dusan"]
[Black "Kocak, Branislav"]
[Result "1-0"]
[WhiteElo "2133"]
[BlackElo "1883"]
[PlyCount "125"]
[EventDate "2018.??.??"]

1. d4 Nf6 2. c4 e6 3. Nf3 b6 4. a3 a5 5. Nc3 Bb7 6. d5 exd5 7. cxd5 Ba6 8. g3
Be7 9. Bg2 O-O 10. Nd4 d6 11. O-O Re8 12. Re1 Bb7 13. e4 Na6 14. g4 Bf8 15. Nf5
Nc5 16. Bg5 Bc8 17. h3 h6 $11 18. Bh4 g6 19. Nd4 g5 20. Bg3 Bg7 21. Rc1 a4 22.
f3 Bd7 23. Bf1 Nh7 24. Rc2 Nf8 25. Nf5 Ng6 26. Nxg7 Kxg7 27. Rh2 Qf6 $11 28.
Nb5 Bxb5 29. Bxb5 Re7 30. Rc2 Ne5 31. Kg2 Ra5 32. Be2 Ng6 33. Qd2 Nb3 34. Qc3
Nd4 35. Rd2 Nxe2 36. Qxf6+ Kxf6 37. Rexe2 Nf4+ 38. Bxf4 gxf4 39. Rd4 Ke5 40.
Rc4 b5 41. Rc6 Ra7 42. Rec2 f6 43. Kf2 Rg7 44. Ke2 Kd4 45. Rd2+ Ke5 46. Kd3 f5
47. gxf5 Rg3 48. Rf2 Rxh3 49. Rc1 Rh5 50. Rg2 Rg5 51. Rxg5 hxg5 52. Rh1 c5 53.
Rh6 Re7 54. Rg6 b4 55. Kc4 g4 56. Rxg4 bxa3 57. bxa3 Kf6 58. Rg6+ Kf7 59. Rxd6
Rb7 60. e5 Rb3 61. Rd7+ Ke8 62. e6 Rxa3 63. f6 1-0

[Event "SR 3. liga A2 2018/2019"]
[Site "?"]
[Date "2019.02.24"]
[Round "9.5"]
[White "Danada, Ondrej"]
[Black "Kovacocy, Pavol"]
[Result "0-1"]
[WhiteElo "1869"]
[BlackElo "2278"]
[PlyCount "68"]
[EventDate "2018.??.??"]

1. e4 c5 2. Nf3 g6 3. g3 Nc6 4. Bg2 Bg7 5. O-O d6 6. c3 e5 7. Qe2 Nge7 8. Na3
O-O 9. Nc2 h6 10. Rd1 f5 11. exf5 Nxf5 12. d4 cxd4 13. cxd4 Ncxd4 14. Nfxd4
Nxd4 15. Nxd4 exd4 16. Bf4 Qf6 17. Rac1 g5 18. Bd2 Be6 19. Bb4 Bxa2 20. Rc7 a5
21. Be1 Rae8 22. Qd2 b6 23. b4 Bb3 24. Rdc1 d3 25. f4 gxf4 26. Qxd3 Qd4+ 27.
Qxd4 Bxd4+ 28. Bf2 Bxf2+ 29. Kxf2 fxg3+ 30. Kxg3 Re3+ 31. Kh4 Rf4+ 32. Kh5 Re5+
33. Kg6 Rg5+ 34. Kxh6 Rxg2 0-1

[Event "SR 3. liga A2 2018/2019"]
[Site "?"]
[Date "2019.02.24"]
[Round "9.5"]
[White "Sarmir, Milos"]
[Black "Takacs, Zsolt"]
[Result "1-0"]
[WhiteElo "2103"]
[BlackElo "1803"]
[PlyCount "91"]
[EventDate "2018.??.??"]

1. e4 c5 2. Nf3 Nc6 3. d4 cxd4 4. Nxd4 e5 5. Nb5 d6 6. N1c3 a6 7. Na3 Nf6 8.
Bg5 Be7 9. Bxf6 Bxf6 10. Nd5 O-O 11. c3 b5 12. Be2 Bb7 13. O-O Bg5 14. Nc2 Ne7
15. Ncb4 Nxd5 16. Nxd5 Bxd5 17. Qxd5 Qc7 18. Rfd1 Rad8 19. a4 Be7 20. axb5 axb5
21. Bxb5 Rb8 22. Ra2 h6 23. Rda1 Qb6 24. Bc4 Kh7 25. b3 Bg5 26. Ra6 Qb7 27.
Rxd6 Qxd5 28. Rxd5 Ra8 29. Rxa8 Rxa8 30. g3 Ra1+ 31. Kg2 Rc1 32. Rd3 Kg8 33. h4
Bf6 34. b4 g5 35. Rf3 Kg7 36. hxg5 hxg5 37. b5 g4 38. Rd3 Be7 39. b6 Rb1 40.
Rd7 Bc5 41. b7 Rb2 42. Rxf7+ Kg6 43. Bd5 Ba7 44. Kf1 Bc5 45. Ke1 Ba7 46. Kd1
1-0

[Event "SR 3. liga A2 2018/2019"]
[Site "?"]
[Date "2019.02.24"]
[Round "9.5"]
[White "Zajicek, Ferdinand"]
[Black "Vagovsky, Jozef"]
[Result "1/2-1/2"]
[WhiteElo "1729"]
[BlackElo "1768"]
[PlyCount "104"]
[EventDate "2018.??.??"]

1. e4 c6 2. d4 d5 3. e5 Bf5 4. Nf3 e6 5. Bd3 Bg4 6. Be2 Ne7 7. c3 Qb6 8. Nbd2
a5 9. Qb3 Nc8 10. Qxb6 Nxb6 11. O-O Be7 12. Re1 O-O 13. Nf1 N8d7 14. N3d2 Bxe2
15. Rxe2 Rfd8 16. f4 c5 17. Nf3 a4 18. a3 Nc4 19. N1d2 Na5 20. dxc5 Nb8 21. Nd4
Bxc5 22. Kf1 Nbc6 23. N2f3 Bxd4 24. cxd4 Nb3 25. Rb1 Ncxd4 26. Nxd4 Nxd4 27.
Rd2 Nb3 28. Rd3 Rac8 29. Bd2 d4 30. Ke2 Rc2 31. Kd1 Rdc8 32. g3 R2c4 33. Ke2
Kf8 34. Rf3 Rc2 35. Rd3 Ke8 36. Kd1 R2c4 37. h4 Kd7 38. Rf3 Kc6 39. Ke2 Rc2 40.
Rd3 Kd5 41. Rxb3 axb3 42. Kd3 f6 43. g4 fxe5 44. fxe5 Kxe5 45. Re1+ Kd5 46. Bf4
Rf2 47. Re5+ Kd6 48. Re4+ Kc5 49. Rxd4 Rf3+ 50. Be3 Kc6 51. Rb4 Rf7 52. Rxb3
Kd5 $11 1/2-1/2

[Event "SR 3. liga A2 2018/2019"]
[Site "?"]
[Date "2019.02.24"]
[Round "9.5"]
[White "Bohunicky, Ivan"]
[Black "Kanka, Tomas"]
[Result "1/2-1/2"]
[WhiteElo "1920"]
[BlackElo "1714"]
[PlyCount "110"]
[EventDate "2018.??.??"]

1. d4 Nf6 2. c4 e6 3. Nc3 Bb4 4. Qc2 c5 5. e3 Nc6 6. Nf3 Qb6 7. dxc5 Qxc5 8.
Nd2 Qe5 9. Ne2 d5 10. a3 Ba5 11. Rb1 d4 12. b4 dxe3 13. Nf3 exf2+ 14. Kxf2 Ne4+
15. Kg1 Bb6+ 16. c5 Bxc5+ 17. bxc5 Qxc5+ 18. Qxc5 Nxc5 19. Ned4 Nxd4 20. Nxd4
O-O 21. Be3 b6 22. Nb5 Bd7 23. Be2 Bc6 24. Bxc5 bxc5 25. Kf2 a6 26. Nc3 Rfb8
27. Bf3 Bxf3 28. Kxf3 g6 29. Ne4 c4 30. Rhc1 Rb3+ 31. Rxb3 cxb3 32. Rb1 Rb8 33.
Rb2 a5 34. Ke3 a4 35. Kd4 h6 36. Nc5 Ra8 37. Kc4 e5 38. Kb4 f5 39. Nxa4 Rb8+
40. Kc4 Kf7 41. Rxb3 Rd8 42. Rd3 Rc8+ 43. Nc5 e4 44. Rd1 e3 45. a4 f4 46. a5 g5
47. a6 g4 48. Rf1 f3 49. Ra1 e2 50. gxf3 gxf3 51. Kd3 Rxc5 52. Ke3 Rd5 53. Re1
Ra5 54. Kxf3 Ra3+ 55. Kf2 Rxa6 1/2-1/2

[Event "SR 3. liga A2 2018/2019"]
[Site "?"]
[Date "2019.02.24"]
[Round "9.5"]
[White "Papanek, Lubomir"]
[Black "Markuliak, Mario"]
[Result "0-1"]
[WhiteElo "1593"]
[BlackElo "1838"]
[PlyCount "92"]
[EventDate "2018.??.??"]

1. d4 d6 2. c4 e5 3. e4 Nf6 4. Bg5 Be7 5. Nc3 c6 6. Nf3 Qc7 7. h3 Nbd7 8. Be2
O-O 9. O-O Re8 10. d5 Nc5 11. Bxf6 Bxf6 12. Nd2 Qb6 13. Qc2 g6 14. Rab1 a5 15.
a3 a4 16. Na2 Bg5 17. b4 axb3 18. Nxb3 Rxa3 19. Nxc5 Qxc5 20. Rb3 f5 21. Rfb1
fxe4 22. Rxa3 Qxa3 23. Bg4 Bxg4 24. hxg4 Qd3 25. Nb4 Qxc2 26. Nxc2 cxd5 27.
cxd5 Rc8 28. Ne3 Bxe3 29. fxe3 Rb8 30. Rb6 Kf7 31. Rxd6 b5 32. g5 b4 33. Rd7+
Ke8 34. Rxh7 Rb6 35. Kf2 b3 36. Rh1 b2 37. Rb1 Kd7 38. Ke2 Kd6 39. Kd2 Kxd5 40.
Kc3 Kc5 41. Kc2 Kc4 42. Rf1 b1=Q+ 43. Rxb1 Rxb1 44. Kxb1 Kd3 45. Kc1 Kxe3 46.
Kd1 Kf2 0-1

[Event "SR 3. liga A2 2018/2019"]
[Site "?"]
[Date "2019.02.24"]
[Round "9.6"]
[White "Kolenak, Matus"]
[Black "Takacs, Laszlo"]
[Result "0-1"]
[WhiteElo "1974"]
[BlackElo "2305"]
[PlyCount "66"]
[EventDate "2018.??.??"]

1. Nf3 Nf6 2. b3 e6 3. Bb2 Be7 4. e3 d5 5. d4 O-O 6. Bd3 c5 7. O-O Nc6 8. Nbd2
b6 9. Ne5 Qc7 10. Nxc6 Qxc6 11. f4 b5 12. c3 c4 13. Bc2 cxb3 14. axb3 b4 15.
cxb4 Ba6 16. Rf3 Rfc8 17. Rc1 Qb5 18. f5 Qe2 19. Qxe2 Bxe2 20. Rf2 Bb5 21. fxe6
fxe6 22. e4 Ng4 23. Rf4 Bg5 24. g3 Bxf4 25. gxf4 Ne3 26. Bb1 Rxc1+ 27. Bxc1 Rc8
28. Bb2 Nd1 29. Ba3 Nc3 30. exd5 Nxb1 31. Nxb1 exd5 32. Kf2 Rc2+ 33. Kf3 Bd3
0-1

[Event "SR 3. liga A2 2018/2019"]
[Site "?"]
[Date "2019.02.24"]
[Round "9.6"]
[White "Cibulka, Vladimir"]
[Black "Sturdik, Igor"]
[Result "1-0"]
[WhiteElo "2126"]
[BlackElo "1963"]
[PlyCount "93"]
[EventDate "2018.??.??"]

1. e4 Nf6 2. Nc3 d5 3. e5 d4 4. exf6 dxc3 5. fxg7 cxd2+ 6. Qxd2 Qxd2+ 7. Bxd2
Bxg7 8. O-O-O Nc6 9. Nf3 Bg4 10. Bb5 O-O-O 11. Bxc6 bxc6 12. Bg5 Bxf3 13. gxf3
Rxd1+ 14. Rxd1 e6 15. c3 a6 16. Kc2 Rg8 17. Bf4 Bf6 18. Kd3 e5 19. Be3 Rg2 20.
Rh1 Bh4 21. Ke2 Kd7 22. Kf1 Rg6 23. Rg1 Ke6 24. Rg4 Rxg4 25. fxg4 Kd5 26. b3 e4
27. Ke2 f5 28. h3 fxg4 29. hxg4 Bf6 30. c4+ Ke6 31. Bf4 Bd4 32. Bxc7 Bc5 33. f3
exf3+ 34. Kxf3 Bg1 35. Ke4 Bc5 36. Be5 Bg1 37. b4 Bf2 38. a4 Be1 39. b5 cxb5
40. cxb5 axb5 41. axb5 Ba5 42. Bd4 Kd6 43. Be3 Bd8 44. Kf5 Kd5 45. b6 Kc6 46.
Ke6 h6 47. Kf5 1-0

[Event "SR 3. liga A2 2018/2019"]
[Site "?"]
[Date "2019.02.24"]
[Round "9.6"]
[White "Mosny, Jaroslav"]
[Black "Bugar, Peter"]
[Result "1/2-1/2"]
[WhiteElo "1880"]
[BlackElo "2004"]
[PlyCount "127"]
[EventDate "2018.??.??"]

1. d4 Nf6 2. Nf3 c5 3. e3 cxd4 4. exd4 d5 5. Bd3 Bg4 6. O-O Nc6 7. c3 e6 8. Bf4
Bd6 9. Bxd6 Qxd6 10. Nbd2 O-O 11. h3 Bh5 12. Re1 Rfc8 13. Qe2 a6 14. a4 Qc7 15.
Qe3 Bg6 16. Bxg6 hxg6 17. Ne5 b5 18. axb5 axb5 19. Nxc6 Qxc6 20. Nf3 Qb7 21.
Ne5 b4 22. Rxa8 Rxa8 23. cxb4 Qxb4 24. Qc3 Qxc3 25. bxc3 Ra7 26. Rc1 Ne4 27. c4
dxc4 28. Rxc4 Nd2 29. Rc8+ Kh7 30. Rc3 Kh6 31. g3 g5 32. Kg2 Ne4 33. Rc8 Nf6
34. Ng4+ Nxg4 35. hxg4 Rd7 36. Rc4 Ra7 37. Rc2 Ra3 38. Rd2 Ra5 39. Rc2 Rd5 40.
Rc4 g6 41. Kf3 Kg7 42. Ra4 f5 43. gxf5 gxf5 44. Ke3 Rb5 45. Ra3 Rb2 46. Rc3 Kf6
47. Ra3 Rb1 48. Rc3 Ke7 49. Rc6 Rb3+ 50. Ke2 Kd7 51. Ra6 Rb2+ 52. Ke3 Rc2 53.
Ra8 Rc6 54. Rg8 g4 55. Ra8 Rb6 56. Kf4 Rb2 57. Ke3 Rb3+ 58. Ke2 Kc6 59. Rd8 Ra3
60. Kd2 Ra5 61. Ke3 Ra2 62. Rc8+ Kd5 63. Rd8+ Kc4 64. Rc8+ 1/2-1/2

[Event "SR 3. liga A2 2018/2019"]
[Site "?"]
[Date "2019.02.24"]
[Round "9.6"]
[White "Matis, Tibor"]
[Black "Bahna, Jan"]
[Result "0-1"]
[WhiteElo "1883"]
[BlackElo "1838"]
[PlyCount "98"]
[EventDate "2018.??.??"]

1. e4 e5 2. Nf3 Nc6 3. Bc4 Bc5 4. b4 Bxb4 5. c3 Bc5 6. d4 exd4 7. O-O Nf6 8.
cxd4 Bb6 9. Nc3 d6 10. Bg5 h6 11. Bh4 g5 12. Bg3 O-O 13. d5 Ne7 14. e5 Nh5 15.
exd6 cxd6 16. Ne4 Nxg3 17. Nxg3 Nf5 18. Ne4 g4 19. Ne1 Nd4 20. Nd3 f5 21. Nd2
Qg5 22. Re1 Nf3+ 23. Nxf3 gxf3 24. Qxf3 f4 25. h3 Bf5 26. Re2 Rac8 27. Rc2 Bd4
28. Rd1 b5 29. Bb3 a5 30. Rc6 a4 31. Bc2 Be5 32. Rc1 Rce8 33. Bb1 Bd7 34. Rc7
Bf5 35. Rb7 Rc8 36. Rcc7 Rxc7 37. Rxc7 Qg6 38. Nxe5 dxe5 39. Bxf5 Qxf5 40. Qg4+
Qxg4 41. hxg4 Rd8 42. Rc5 b4 43. Rb5 b3 44. axb3 axb3 45. Kf1 b2 46. Ke2 Kf7
47. Kd3 Rxd5+ 48. Rxd5 b1=Q+ 49. Kc4 Ke6 0-1

[Event "SR 3. liga A2 2018/2019"]
[Site "?"]
[Date "2019.02.24"]
[Round "9.6"]
[White "Klanica, Anton"]
[Black "Viczencz, Peter"]
[Result "1-0"]
[WhiteElo "1790"]
[BlackElo "2029"]
[PlyCount "117"]
[EventDate "2018.??.??"]

1. e4 c5 2. Nf3 e6 3. Nc3 a6 4. Be2 Qc7 5. d3 Ne7 6. Be3 d6 7. Qd2 b5 8. Bf4
Bb7 9. Bg3 Ng6 10. Nh4 Be7 11. Nf3 Bf6 12. Rb1 b4 13. Nd1 O-O 14. Ne3 Rd8 15.
Qc1 Qc6 16. Nc4 a5 17. O-O a4 18. a3 Ba6 19. Nfd2 d5 20. exd5 exd5 21. Bf3 Nd7
22. Ne3 Nde5 23. Ng4 Nxf3+ 24. Nxf3 bxa3 25. Nxf6+ Qxf6 26. bxa3 Re8 27. Qd2 c4
28. dxc4 dxc4 29. c3 Red8 30. Nd4 Ne5 31. Bxe5 Qxe5 32. Rfe1 Qc5 33. Rb4 Bb5
34. Qe2 Re8 35. Qd2 Rxe1+ 36. Qxe1 Bc6 37. Qb1 h6 38. Rb8+ Rxb8 39. Qxb8+ Kh7
40. Qb4 Qg5 41. Qb1+ g6 42. Nxc6 Qd2 43. Qa1 h5 44. Nd4 Kg7 45. h3 Kh7 46. Nf3
Qc2 47. h4 Kg7 48. Ng5 Qd2 49. g3 Kg8 50. Nf3 Qc2 51. Kg2 Kg7 52. Ne1 Qd2 53.
Nf3 Qe2 54. Qe1 Qb2 55. Qe5+ Kf8 56. Qc5+ Kg7 57. Qb4 Qxb4 58. cxb4 c3 59. Nd4
1-0

[Event "SR 3. liga A2 2018/2019"]
[Site "?"]
[Date "2019.02.24"]
[Round "9.6"]
[White "Mezes, Kristof"]
[Black "Suchan, Jozef"]
[Result "0-1"]
[WhiteElo "1671"]
[BlackElo "1723"]
[PlyCount "92"]
[EventDate "2018.??.??"]

1. d4 d5 2. c4 e6 3. Nc3 Nf6 4. Bg5 Be7 5. Nf3 O-O 6. e3 c6 7. a3 Nbd7 8. cxd5
exd5 9. Bd3 Ne4 10. Bxe4 Bxg5 11. Bd3 Be7 12. O-O Nf6 13. Qc2 h6 14. Bf5 Bd6
15. b4 Re8 16. b5 Ne4 17. Bxc8 Rxc8 18. Nxe4 dxe4 19. Nd2 cxb5 20. Qb1 a6 21.
Nxe4 Bxh2+ 22. Kxh2 Qh4+ 23. Kg1 Qxe4 24. Qxe4 Rxe4 25. Rac1 Ree8 26. g3 Rc4
27. Rxc4 bxc4 28. Rb1 b5 29. Kf1 f5 30. Ke2 Rb8 31. f3 a5 32. a4 b4 33. e4 fxe4
34. fxe4 b3 35. Kd2 Rb4 36. d5 Rxa4 37. Kc3 Rb4 38. d6 Kf7 39. e5 b2 40. d7 Ke7
41. e6 Rb8 42. Rd1 b1=Q 43. d8=Q+ Rxd8 44. Rxb1 Rd3+ 45. Kxc4 Rxg3 46. Rb5 Rg5
0-1

[Event "SR 3. liga A2 2018/2019"]
[Site "?"]
[Date "2019.02.24"]
[Round "9.6"]
[White "Jancik, Ondrej"]
[Black "Vargaova, Veronika"]
[Result "1/2-1/2"]
[WhiteElo "1586"]
[BlackElo "1448"]
[PlyCount "26"]
[EventDate "2018.??.??"]

1. e4 e5 2. Nf3 Nc6 3. Bb5 Nf6 4. O-O Bc5 5. c3 d6 6. d4 exd4 7. cxd4 Bb6 8.
Nc3 Bd7 9. Ba4 O-O 10. Bc2 Re8 11. a3 Bg4 12. Be3 Qd7 13. Ne2 d5 1/2-1/2